00881nam0a22002411 4500001000800000005001700008021001700025035002600042100004100068101002300109102000700132105001800139200014300157210002700300215002200327225005600349300007100405686002900476686002600505700006800531801001800599801002200617257258420250622224811.0 aRUb78-78744 a(NLR Aleph) 006456400 a20110316d1978 |||y0rusy50 ca1 arusagercrusgger aRU aa z |||||1 aÜber die Wechselbeziehungen zwischen der armenischen und der byzantinischen Architekturen der 4. und 7. JahrhundertefAlexandra Jeremian aYerevancБ. и.d1978 a18 с.cил.d201 aII Intern. symposium on Armenian art. [Reportsv68] aВ надзаг.: Acad. of sciences of Armenian SSR. Inst. of arts aН0(2Ар)42-18,02rubbk aН0(0)421-18,02rubbk 1aЕремянbА.Б.gАлександра Багратовна 0aRUbNLRgpsbo 1aRUbELAR2rusmarc